| 000 | 00898nam a2200217Ia 4500 | ||
|---|---|---|---|
| 003 | GCL | ||
| 008 | 140319s9999 xx 000 0 ara d | ||
| 020 | _a8202605977 | ||
| 040 |
_aGCL / _cGCL |
||
| 082 | 0 | 4 |
_aق _b916.2 _bظ د |
| 100 | 1 | _aظريف رمضان مراد | |
| 245 | 1 | 0 |
_aدراسة فى التراث الجغرافى العربى ابن حوقل ومنهجه الجغرافى : _b"وتحقيق ودراسة لجغرافية مصر من كتاب ""صورة الارض""" / _cظريف رمضان مراد |
| 260 |
_aالقاهرة : _bمكتبة الانجلوالمصرية ، _c2004 |
||
| 300 |
_a432 ص ؛ _c30 سم |
||
| 650 | 0 | 4 | _aمصر - الجغرافيا الاقتصادية |
| 650 | 0 | 4 | _aمصر - جغرافيا |
| 650 | 0 | 4 | _aمصر - الجغرافيا البشرية |
| 650 | 0 | 4 | _aالجغرافيون - تراجم |
| 650 | 0 | 4 | _aابن حوقل |
| 942 |
_2ddc _cBK |
||
| 999 |
_c33390 _d33390 |
||